[Event "SLO-ch U16 Girls"]
[Site "Celje"]
[Date "2004.03.02"]
[Round "9"]
[White "Pulec, Lea"]
[Black "Golobic, Tjasa"]
[Result "1-0"]
[WhiteElo "1571"]
[BlackElo "1500"]
[PlyCount "79"]
[EventDate "2004.02.22"]
[EventType "tourn"]
[EventRounds "9"]
[EventCountry "SLO"]
[SourceTitle "EXT 2008"]
[Source "ChessBase"]
[SourceDate "2007.11.25"]
[SourceVersion "1"]
[SourceVersionDate "2007.11.25"]
[SourceQuality "1"]

1. e4 e5 2. Nf3 Nc6 3. Bb5 Nf6 4. d3 h6 5. 0-0 Bd6 6. Be3 0-0 7. Nbd2 a6 8. Ba4 b5 9. Bb3 Bb7 10. c4 bxc4 11. Nxc4 Qe7 12. Nh4 Bc5 13. Nf5 Qd8 14. Bxc5 d6 15. Be3 Kh7 16. Qf3 Ng8 17. Qg4 Qf6 18. Rfd1 Bc8 19. Qf3 g6 20. Ng3 Qxf3 21. gxf3 Bd7 22. Ba4 Nf6 23. Rac1 Rfc8 24. d4 exd4 25. Bxd4 Nxd4 26. Bxd7 Nxd7 27. Rxd4 Rd8 28. Na5 Rab8 29. Nc6 Kg7 30. Nxd8 Rxd8 31. Rxc7 Ne5 32. Kg2 a5 33. f4 Ng4 34. h3 Nf6 35. e5 Ne8 36. Rc6 d5 37. Rc5 a4 38. Rdxd5 Rxd5 39. Rxd5 Nc7 40. Ra5 1-0